Escudos - Statistics

Estatísticas Gerais
  • Esse quiz foi jogado 638 vezes
    554 desde o último reset
  • A pontuação média é 12 de 15
Estatísticas das Respostas
Imagem Resposta % Correto
Barcelona
100%
Real madrid
99%
Juventus
98%
Santos
98%
Liverpool
97%
Roma
97%
Milan
92%
Benfica
91%
River Plate
86%
valência
84%
Zenit
84%
América Mineiro
80%
Galatasaray
75%
Olimpyacos
20%
Spartak Moscow
6%
Nenhum quiz correspondente encontrado
Distribuição das Pontuações
Porcentagem de Pessoas com Cada Pontuação
Percentil de Números Respondidos
Sua Pontuação Histórica
Você não jogou esse quiz desde o último reset